Stolice na Slovensku

Gespeichert in:
Bibliographische Detailangaben
1. Verfasser: Žudel, Juraj
Format: Buch
Sprache:Slowakisch
Veröffentlicht: Bratislava Obzor 1984
Tags: Tag hinzufügen
Keine Tags, Fügen Sie das erste Tag hinzu!

MARC

LEADER 00000nam a2200000 4500
001 c113929
005 20221128071152.8
041 0 |a slo 
044 |a SK 
245 1 0 |a Stolice na Slovensku  |c Juraj Žudel 
264 1 |a Bratislava  |b Obzor  |c 1984 
300 |a 200 s.  |e príl. 
100 1 |a Žudel, Juraj